|
|
|
|
| LEADER |
00760nam a2200181 a 4500 |
| 008 |
090729s1974 bg af 000 0 eng d |
| 040 |
|
|
|a DLC
|c DLC
|d DLC
|
| 082 |
0 |
0 |
|a 951
|2 18
|
| 100 |
2 |
|
|a Obaidullah Khan, A. Z. M.
|
| 245 |
1 |
4 |
|a The yellow sand hills :
|b China through Chinese eyes /
|c A. Z. M. Obaidullah Khan.
|
| 260 |
|
|
|a Comilla :
|b Bangladesh Academy for Rural Development,
|c 1975.
|
| 300 |
|
|
|a 6, 234 p., [2] leaves of plates :
|b ill. ;
|c 22 cm.
|
| 541 |
1 |
|
|e 00001021
|
| 650 |
|
0 |
|a Communes (China)
|
| 651 |
|
0 |
|a China
|x Social conditions
|y 1949-1976.
|
| 852 |
4 |
|
|a Ayesha Abed Library
|j General shelf
|
| 999 |
|
|
|c 3776
|d 3776
|
| 952 |
|
|
|0 0
|1 0
|2 ddc
|4 0
|6 951_OBA
|7 0
|9 3429
|a BRACUL
|b BRACUL
|c GEN
|d 2009-09-03
|g 30.00
|l 2
|m 4
|o 951 OBA
|p 3010001021
|r 2025-09-09
|s 2025-08-11
|t 1
|w 2009-09-03
|y BK
|